Mot mystérieux - Série 01 - Statistiques

Statistiques générales
  • Ce quiz a été pris 136 fois
  • Le résultat moyen est 9 sur 10
Statistiques - réponses
Lettres Réponse % Correct
ph-ne-ar-nu nenuphar
99%
do-xe-pa-ra paradoxe
99%
th-mm-ou-ma mammouth
98%
er-on-vi-gn vigneron
98%
ra-ni-um-ge geranium
94%
ow-bu-ng-al bungalow
93%
ba-fo-ll-ot football
90%
ca-es-ot-rg escargot
89%
in-te-li-so insolite
76%
pa-es-ar-lm palmares
76%
Aucun quiz correspondant
Distribution des résultats
% des personnes avec chaque résultat
Percentile par nombre de réponses
Votre historique - résultats
Vous n’avez pas pris ce quiz